<The> Art of Japaness Management

Uložené v:
Podrobná bibliografia
Hlavný autor: Pascale, Richard Tanner
Ďalší autori: Athos, Anthony G.
Médium: Kniha
Jazyk:English
Vydavateľské údaje: London Penguin Books 1981
Vydanie:1. ed.
Tagy: Pridať tag
Žiadne tagy, Buďte prvý, kto otaguje tento záznam!

MARC

LEADER 00000nam a2200000 4500
001 c024739
005 20221220101328.7
041 0 |a eng 
044 |a GB 
245 1 0 |a <The> Art of Japaness Management  |c Richard Tanner Pascale, Anthony G. Athos 
250 |a 1. ed. 
264 1 |a London  |b Penguin Books  |c 1981 
300 |a 221 s. 
100 1 |a Pascale, Richard Tanner 
700 1 |a Athos, Anthony G.